Science Quiz

Random Science or Numbers Quiz

Fast Math III Quiz Stats

 Plays Quiz Updated Feb 2, 2019

Score 0/30 Timer 02:00
0 Plays Today
Initial Calculation Answer % Correct
DL 1 - Addition
(begin with 8+3)
11
99.8%
25
95.5%
32
95.1%
51
94.6%
113
94.2%
DL 2 - Subtraction
(begin with 742-26)
716
92%
593
86.6%
518
84.7%
212
83.4%
DL 3 - Multiplication
(begin with 7*2)
14
82.4%
70
78.2%
124
77.9%
210
77.2%
2100
76.2%
12600
70.4%
Initial Calculation Answer % Correct
DL 4 - Division
(begin with 240/3)
80
69.8%
40
67.7%
320
49.6%
DL 5 - Powers
(begin with 3^2)
9
48.9%
20
47.7%
4
47%
729
33.6%
27
19.2%
3
17.8%
DL 6 - Grab Bag
(begin with 192/3)
64
17.1%
81
16%
320
14.5%
1012
11.7%
625
8.3%
25
7.3%

You're not logged in!

Compare scores with friends on all Sporcle quizzes.
OR
Log In

Show Comments

Extras

Top Quizzes Today


Score Distribution

Your Account Isn't Verified!

In order to create a playlist on Sporcle, you need to verify the email address you used during registration. Go to your Sporcle Settings to finish the process.

Report this User

Report this user for behavior that violates our Community Guidelines.

Details: